Adlai Stevenson /

Shranjeno v:
Bibliografske podrobnosti
Glavni avtor: Ross, Lillian.
Format: Sách giấy
Jezik:English
Izdano: Philadelphia ; New York : J. B. Lippincott Company, 1966.
Oznake: Označite
Brez oznak, prvi označite!
Thư viện lưu trữ: Thư viện Trường Đại học Đà Lạt
LEADER 00615nam a2200265 4500
001 DLU110118543
005 ##20110307
040 # # |a DLU  |b vie 
041 # # |a eng 
044 # # |a us 
082 # # |a 973.920 92  |b RO-L 
100 # # |a Ross, Lillian. 
245 # # |a Adlai Stevenson /  |c Lillian Ross. 
260 # # |a Philadelphia ;  |a New York :  |b J. B. Lippincott Company,  |c 1966. 
300 # # |a 59 p. ;  |2 2 cm. 
923 # # |a 100/2010 
992 # # |a 0 
994 # # |a DLU 
900 # # |a True 
911 # # |a Lý Thị Hồng Hạnh 
925 # # |a G 
926 # # |a A 
927 # # |a SH 
980 # # |a Thư viện Trường Đại học Đà Lạt